skbl

Dr Suryya Kumar Bhuyan Library Web-OPAC
ডঃ সূৰ্য্য
কুমাৰ ভূঞা পুথিভঁৰাল ৱেব-অ'পেক

All Research Scholars are advised to clear the annual library fees to continue using Library Resources, Remote Access, Plagiarism Test and Library Clearance.

Cotton University Book Fair 2026

Subhas Chandra Bose and the British Raj (Record no. 54590)

MARC details
000 -LEADER
fixed length control field 00484nam a2200181Ia 4500
001 - CONTROL NUMBER
control field 54636
008 - FIXED-LENGTH DATA ELEMENTS--GENERAL INFORMATION
fixed length control field 120404n ii |||gr||||Z||||||465
020 ## - INTERNATIONAL STANDARD BOOK NUMBER
International Standard Book Number 9789380261416
082 ## - DEWEY DECIMAL CLASSIFICATION NUMBER
Classification number 923.2
245 #0 - TITLE STATEMENT
Title Subhas Chandra Bose and the British Raj
Statement of responsibility, etc. Jogesh Kakati
Medium Textual Documents
250 ## - EDITION STATEMENT
Edition statement Ist ed.
260 ## - PUBLICATION, DISTRIBUTION, ETC.
Place of publication, distribution, etc. Guwahati:
Name of publisher, distributor, etc. EBH Publishers ,
Date of publication, distribution, etc. 2011.
300 ## - PHYSICAL DESCRIPTION
Extent 128pg:
Dimensions 23cm.
653 ## - INDEX TERM--UNCONTROLLED
Uncontrolled term Biography
653 ## - INDEX TERM--UNCONTROLLED
Uncontrolled term G- Biography
700 ## - ADDED ENTRY--PERSONAL NAME
Personal name Kakati.,
Relator term Jogesh.
942 ## - ADDED ENTRY ELEMENTS (KOHA)
Source of classification or shelving scheme Dewey Decimal Classification
Koha item type Books
Holdings
Withdrawn status Lost status Damaged status Not for loan Collection Home library Current library Shelving location Date acquired Coded location qualifier Total checkouts Full call number Barcode Date last seen Copy number Price effective from Koha item type
          Dr. Suryya Kumar Bhuyan Library Dr. Suryya Kumar Bhuyan Library   04/04/2012 00000   923.2 Ka 123 Su 257/Lib 14/01/2024 1 04/04/2012 Books

Designed and Maintained by Team SKBL
©1901-2026

Powered by Koha